Motores diesel (Registro nro. 4153)

Detalles MARC
000 -CABECERA
Longitud fija campo de control 01354nam a2200253Ia 4500
005 - • FECHA Y HORA DE LA ÚLTIMA TRANSACCIÓN
Fecha y hora de la última transacción 20220317000456.0
008 - • CÓDIGOS DE INFORMACIÓN DE LONGITUD FIJA
Códigos de información de longitud fija 160315s2008 pe g 000 0 spa
020 ## - • NÚMERO INTERNACIONAL NORMALIZADO PARA LIBROS
Número Internacional Normalizado para Libros (ISBN) 9789942015846 (obra completa)
082 04 - • NÚMERO DE LA CLASIFICACIÓN DECIMAL DEWEY
Número de clasificación (R) 621.436
Número del ítem M67m
040 ## - FUENTE DE LA CATALOGACIÓN
Centro catalogador de origen CO-BoRNBP
Lengua de catalogación spa
Normas de descripción rda
Centro transcriptor CO-BoRNBP
100 1# - • PUNTO DE ACCESO PRINCIPAL-NOMBRE DE PERSONA
Nombre de persona Moreno Sánchez, Gabriel Felipe
245 10 - • TITULO PROPIAMENTE DICHO
Título Motores diesel
Resto del título manual de mantenimiento y reparación
Mención de responsabilidad, etc. Gabriel Felipe Moreno Sánchez, Luis Gabriel Castro Moreno ; ilustraciones Daniel Andrés Becerra Mateus, Ricardo Hérnan Ramírez Gallo
250 ## - • MENCIÓN DE EDICIÓN
Mención de edición 1a. edición
264 ## - PRODUCCIÓN, PUBLICACIÓN , DISTRIBUCIÓN, FABRICACIÓN Y COPYRIGHT
Lugar de producción, publicación, distribución, fabricación [Lima]
Nombre del productor, editor, distribuidor, fabricante Diseli Editoires
Fecha de de producción, publicación, distribución, fabricación o copyright 2008
300 ## - • DESCRIPCIÓN FÍSICA
Extensión 3 volúmenes
Otras características físicas ilustraciones
Dimensiones 29 cm
Material Anexo 1 DVD
336 ## - TIPO DE CONTENIDO
Término de tipo de contenido texto
Código de tipo de contenido txt
Fuente rdacontent
337 ## - TIPO DE MEDIO
Nombre del tipo de medio sin mediación
Código del tipo de medio n
Fuente rdamedia
338 ## - TIPO DE SOPORTE
Nombre del tipo de soporte volumen
Código del tipo de soporte nc
Fuente rdacarrier
500 ## - • NOTA GENERAL
Nota general Incluye glosario
505 ## - • NOTA DE CONTENIDO CON FORMATO
Nota de contenido con formato volumen.1 Funcionamiento de los motores diesel. -- volumen2 Diferencias mecánicas entre el motor diesel y el motor de gasolina -- Sensores -- Lubricación del motor sistemas alternos del motor diesel -- volumen.3 Mantenimiento y reparición de los motores diesel -- Análisis de fallas en los motores diesel
505 ## - • NOTA DE CONTENIDO CON FORMATO
Nota de contenido con formato El DVD contiene : Funcionamiento de los motores diesel, detección de fallas en motores diesel y glosario de términos
650 14 - • PUNTO DE ACCESO ADICIONAL DE MATERIA - TÉRMINO DE MATERIA
Fuente del encabezamiento o término LEMB
Término de materia o nombre geográfico como elemento inicial Motores diesel
Subdivisión de materia general Mantenimiento y reparación
942 ## - ENTRADA DE ELEMENTOS AGREGADOS (KOHA)
Fuente de clasificaión o esquema Dewey Decimal Classification
Koha [por defecto] tipo de item LIbro

No hay ítems disponibles.










Instituto Departamental de Cultura del Meta - Red Departamental de Bibliotecas Públicas del Meta.